Top 30 Countries by Birth Population in 2025 - Statistics

General Stats
  • This quiz has been taken 250 times
  • The average score is 20 of 30
Answer Stats
Rank Number Answer % Correct
1 23.1M India
100%
2 8.71M China
97%
3 7.64M Nigeria
91%
4 6.91M Pakistan
89%
5 4.56M Democratic Republic of the Congo
85%
8 3.66M United States
85%
6 4.44M Indonesia
84%
10 2.53M Brazil
81%
7 4.18M Ethiopia
81%
9 3.44M Bangladesh
80%
13 2.00M Mexico
79%
11 2.45M Egypt
74%
23 1.24M Russia
69%
12 2.42M Tanzania
69%
14 1.85M Philippines
66%
16 1.66M Sudan
63%
17 1.54M Kenya
62%
15 1.73M Uganda
62%
21 1.33M Vietnam
62%
27 1.12M Iran
56%
18 1.51M Afghanistan
55%
19 1.43M Angola
52%
25 1.17M South Africa
50%
28 1.05M Turkey
47%
22 1.30M Mozambique
46%
24 1.18M Iraq
44%
26 1.13M Niger
41%
20 1.40M Yemen
39%
29 1.02M Madagascar
29%
30 1.01M Ivory Coast
28%
No matching quizzes found
Score Distribution
Percent of People with Each Score
Percentile by Number Answered
Your Score History
You have not taken this quiz